Loading...
| Fine Arts - Auditory | 2 | 5.00 | 0% | 100% | 0% |
| Fine Arts - Other | 3 | 10.00 | 0% | 67% | 133% |
| Fine Arts - Visual | 4 | 5.00 | 100% | 50% | 0% |
| History - American | 1 | 10.00 | 0% | 0% | 200% |
| History - European | 5 | 8.00 | 160% | 80% | 0% |
| History - Other | 3 | 10.00 | 0% | 67% | 133% |
| History - World | 1 | 10.00 | 400% | 0% | 0% |
| Literature - American | 2 | 10.00 | 200% | 0% | 100% |
| Literature - British | 2 | 5.00 | 0% | 100% | 0% |
| Literature - European | 2 | 10.00 | 200% | 100% | 0% |
| Literature - World | 2 | 5.00 | 200% | 0% | 0% |
| Mythology | 3 | 10.00 | 133% | 67% | 67% |
| Philosophy | 1 | 20.00 | 400% | 0% | 200% |
| Religion | 1 | 10.00 | 400% | 0% | 0% |
| Science - Biology | 2 | 10.00 | 0% | 0% | 200% |
| Science - Chemistry | 1 | 0.00 | 0% | 0% | 0% |
| Science - Other | 3 | 6.67 | 133% | 0% | 67% |
| Science - Physics | 1 | 10.00 | 400% | 0% | 0% |
| Social Science | 3 | 16.67 | 267% | 200% | 0% |